000 00282nam a2200121Ia 4500
003 GCL
008 140319s9999 xx 000 0 ara d
040 _aGCL /
_cGCL
082 0 4 _aلية
245 1 0 _a965
300 _aرين
490 _aالمكتبة الحديثة للاطفال
_v0
999 _c27485
_d27485